La política tributaria como instrumento del desarrollo : (Registro nro. 7648)
[ vista simple ]
| 000 -LEADER | |
|---|---|
| fixed length control field | 02039nam a2200253Ia 4500 |
| 003 - CONTROL NUMBER IDENTIFIER | |
| control field | OSt |
| 005 - DATE AND TIME OF LATEST TRANSACTION | |
| control field | 20210520120615.0 |
| 008 - FIXED-LENGTH DATA ELEMENTS--GENERAL INFORMATION | |
| fixed length control field | 210310s1973 eu fr 100 0 spa d |
| 040 ## - CATALOGING SOURCE | |
| Original cataloging agency | CO-JMCR |
| Transcribing agency | CO-JMCR |
| 041 0# - LANGUAGE CODE | |
| Language code of text/sound track or separate title | spa |
| 082 04 - DEWEY DECIMAL CLASSIFICATION NUMBER | |
| Classification number | 336.205098 / |
| Item number | C748p |
| Edition number | 23 |
| 111 2# - MAIN ENTRY--MEETING NAME | |
| Meeting name or jurisdiction name as entry element | Conferencia Interamericana sobre Tributación |
| Number of part/section/meeting | (3ra : |
| Date of meeting or treaty signing | 1972 : |
| Location of meeting | México) |
| 9 (RLIN) | 37706 |
| 245 13 - TITLE STATEMENT | |
| Title | La política tributaria como instrumento del desarrollo : |
| Remainder of title | documentos y conclusiones de la III Conferencia Interamericana sobre Tributación, México, D. F. 3-8 septiembre de 1972. |
| Statement of responsibility, etc. | Secretaria General de la Organización de los Estados Americanos |
| 260 ## - PUBLICATION, DISTRIBUTION, ETC. | |
| Place of publication, distribution, etc. | Washington : |
| Name of publisher, distributor, etc. | OEA, |
| Date of publication, distribution, etc. | 1973 |
| 300 ## - PHYSICAL DESCRIPTION | |
| Extent | v, 553 páginas ; |
| Dimensions | 28 cm. |
| 500 ## - GENERAL NOTE | |
| General note | Incluye notas a pie de página. |
| 505 0# - FORMATTED CONTENTS NOTE | |
| Formatted contents note | Consideraciones preliminares de carácter conceptual y metodológico -- Algunos principios generales de la política tributaria --Las tareas de la política fiscal y tributaria a la luz de los problemas de desarrollo de América Latina -- La política tributaria en cuanto determinante del nivel y estructura de las importaciones -- La política tributaria en cuanto determinante del nivel y estructura del consumo -- La política tributaria en cuanto determinante de la productividad de la tierra -- La política tributaria en cuanto determinante de la combinación optima de los factores capital y trabajo -- La política tributaria en cuanto determinante de la distribución del ingreso -- La política tributaria en cuanto determinante del nivel y estructura de las inversiones -- Institucionalización del proceso de formulación e implementación de la política tributaria |
| 650 14 - SUBJECT ADDED ENTRY--TOPICAL TERM | |
| Topical term or geographic name entry element | Política fiscal |
| 9 (RLIN) | 15047 |
| Form subdivision | Congresos, conferencias, etc.. |
| 650 24 - SUBJECT ADDED ENTRY--TOPICAL TERM | |
| Topical term or geographic name entry element | Desarrollo económico |
| Form subdivision | Congresos, conferencias, etc. |
| 9 (RLIN) | 37707 |
| 650 24 - SUBJECT ADDED ENTRY--TOPICAL TERM | |
| Topical term or geographic name entry element | Política tributaria |
| Form subdivision | Congresos, conferencias, etc. |
| 9 (RLIN) | 37708 |
| 650 24 - SUBJECT ADDED ENTRY--TOPICAL TERM | |
| Topical term or geographic name entry element | Reforma tributaria |
| Form subdivision | Congresos, conferencias, etc. |
| Geographic subdivision | América Latina |
| 9 (RLIN) | 36959 |
| 650 24 - SUBJECT ADDED ENTRY--TOPICAL TERM | |
| Topical term or geographic name entry element | Impuestos |
| Form subdivision | Congresos, conferencias, etc.. |
| 9 (RLIN) | 37709 |
| 942 ## - ADDED ENTRY ELEMENTS (KOHA) | |
| Source of classification or shelving scheme | Dewey Decimal Classification |
| Koha item type | Books |
| Withdrawn status | Lost status | Source of classification or shelving scheme | Damaged status | Not for loan | Collection code | Home library | Current library | Date acquired | Source of acquisition | Full call number | Barcode | Date last seen | Copy number | Koha item type |
|---|---|---|---|---|---|---|---|---|---|---|---|---|---|---|
| Dewey Decimal Classification | Fiction | Biblioteca Pública José María del Castillo y Rada | Biblioteca Pública José María del Castillo y Rada | 04/15/2018 | Donación | 336.205098 / C748p | 430003408 | 05/16/2024 | Ej.1 | Books |